Score 0/22 Timer 02:00
5 Plays Today
Clue 4-Letter Word % Correct
Catch your foot and stumbleTRIP
84.7%
Opposite of buySELL
84.5%
Hold tightlyGRIP
82.5%
Math with sines and cosinesTRIG
82%
SmileGRIN
82%
Cartman kid on 'South Park'ERIC
80.8%
BoastBRAG
80.6%
Actor Penn or AstinSEAN
80.2%
Marsh kid on 'South Park'STAN
77.7%
A prison on a shipBRIG
77.1%
He was married to Heidi KlumSEAL
75.6%
Clue 4-Letter Word % Correct
Pierce with a pointed weaponSTAB
74.3%
A thick slice or section of concreteSLAB
73.3%
Old Glory or the Union Jack, e.g.FLAG
70%
'___ go bragh'ERIN
68.4%
Ashen or colorless in complexionPALE
63.9%
Waste from metal smeltingSLAG
61.5%
To kill a superior in the military or in a gameFRAG
61.5%
Broflovski kid on 'South Park'KYLE
59.7%
Leafy green vegetableKALE
59.5%
___-mell: a confused statePELL
52.5%
Hawaiian goddess of firePELE
47.1%

Today's Daily Dose

Missing Word
I Hardly Know Her!

Word Ladder
Sentence Ending

Quick Pick
Female Firsts

Get the Picture
Triathlon Sports

Remove Ads.
Support Sporcle.
Get the best of Sporcle when you Go Orange. This ad-free experience offers more features, more stats, and more fun while also helping to support Sporcle. Thank you for becoming a member.

You're not logged in!

Compare scores with friends on all Sporcle quizzes.
OR
Log In

Show Comments

Extras

Top Quizzes Today


Score Distribution

Your Account Isn't Verified!

In order to create a playlist on Sporcle, you need to verify the email address you used during registration. Go to your Sporcle Settings to finish the process.

Report this User

Report this user for behavior that violates our Community Guidelines.

Details: